banner koha

Parceiros em sustentabilidade: alimentos para pets e a indústria de graxaria (Registro n. 299203)

MARC details
000 -LÍDER
fixed length control field 00966nab a2200289 4500
003 - CÓDIGO MARC DA AGÊNCIA CATALOGADORA
Campo de controle BR-BrBNA
005 - DATA E HORA DA ÚLTIMA ATUALIZAÇÃO
Campo de controle 20240416135112.0
008 - CAMPO DE TAMANHO FIXO
fixed length control field 240416b bl.||||| |||| 00| 0 por d
040 ## - FONTE DA CATALOGAÇÃO
Agência catalogadora BR-BrBNA
Idioma da catalogação por
072 ## - CATEGORIA AGRIS
Código AGRIS Q52 ; L51 ; P01
Código do objeto 8954 ; 5400 ; 5500
100 ## - ENTRADA PRINCIPAL - NOME PESSOAL
Nome pessoal Huff-Lonergan, Elisabeth
100 ## - ENTRADA PRINCIPAL - NOME PESSOAL
Nome pessoal Serao, Mariana C. Rossoni
100 ## - ENTRADA PRINCIPAL - NOME PESSOAL
Nome pessoal Rosentrater, Kurt
245 ## - TÍTULO PRINCIPAL
Título principal Parceiros em sustentabilidade: alimentos para pets e a indústria de graxaria
500 ## - NOTA GERAL
Nota geral 4 illus.
942 ## - ADDED ENTRY ELEMENTS (KOHA)
Koha item type
650 ## - ASSUNTO - THESAGRO
Cabeçalho tópico ou nome geográfico RAÇÃO
650 ## - ASSUNTO - THESAGRO
Cabeçalho tópico ou nome geográfico CÃO
650 ## - ASSUNTO - THESAGRO
Cabeçalho tópico ou nome geográfico GATO
650 ## - ASSUNTO - THESAGRO
Cabeçalho tópico ou nome geográfico INDÚSTRIA DE ALIMENTOS PARA ANIMAIS
650 ## - ASSUNTO - THESAGRO
Cabeçalho tópico ou nome geográfico RECICLAGEM
650 ## - ASSUNTO - THESAGRO
Cabeçalho tópico ou nome geográfico ALIMENTAÇÃO ANIMAL
650 ## - ASSUNTO - THESAGRO
Cabeçalho tópico ou nome geográfico NUTRIÇÃO ANIMAL
650 ## - ASSUNTO - THESAGRO
Cabeçalho tópico ou nome geográfico SUSTENTABILIDADE
773 0# - ENTRADA ANALÍTICA
Host Biblionumber 9543
Registro do item 314237
Imprenta São Paulo - SP: Editora Stilo, 2021.
Outro identificador 2024-0574
Título Revista Graxaria Brasileira (Brasil)
Colação v. 11(64) p. 60-64; (Jul-Aug 2018)
Número de controle de registro BR2024000563

Nenhum exemplar disponível.

BINAGRI

Telefone: (61)3218-2567/2388/3357/2097 - binagri@agro.gov.br

Ministério da Agricultura e Pecuária , Esplanada dos Ministérios, Bloco D, Anexo B, Brasília/DF, CEP: 70.043-900